Online
Catalog

An inquiry into the Japanese mind as mirrored in literature : (Record no. 1386)

MARC details
000 -CABECERA
campo de control de longitud fija 00882cam a2200205 a 4500
001 - NÚMERO DE CONTROL
campo de control 000001478
005 - FECHA Y HORA DE LA ÚLTIMA TRANSACCIÓN
campo de control 20200929145606.0
008 - DATOS DE LONGITUD FIJA--INFORMACIÓN GENERAL
campo de control de longitud fija 720121s1970 ja 001 0 eng d
040 ## - FUENTE DE LA CATALOGACIÓN
Centro catalogador/agencia de origen DO-SdBNP
Lengua de catalogación spa
Centro/agencia modificador BNPHU
082 ## - NÚMERO DE LA CLASIFICACIÓN DECIMAL DEWEY
Número de clasificación 895.6
Número de documento/Ítem T882b
049 ## - FONDOS LOCALES (OCLC)
Fondos de biblioteca BNGR
100 1# - ENTRADA PRINCIPAL--NOMBRE DE PERSONA
Nombre de persona Sokichi,Tsuda
Fechas asociadas al nombre 1873-1961.
9 (RLIN) 4884
245 13 - MENCIÓN DE TÍTULO
Título An inquiry into the Japanese mind as mirrored in literature :
Resto del título the flowering period of common people literature /
Mención de responsabilidad, etc. Sokichi Tsuda ; traducción, Fukumatsu Matsuda.
260 ## - PUBLICACIÓN, DISTRIBUCIÓN, ETC.
Lugar de publicación, distribución, etc. Tokyo, Japan :
Nombre del editor, distribuidor, etc. Japan Society for the Promotion of Science :
-- Ministry of education,
Fecha de publicación, distribución, etc. 1970.
300 ## - DESCRIPCIÓN FÍSICA
Extensión 332 p. :
Otras características físicas il., retrs. ;
Dimensiones 25 cm.
650 #4 - PUNTO DE ACCESO ADICIONAL DE MATERIA--TÉRMINO DE MATERIA
Término de materia o nombre geográfico como elemento de entrada Literatura japonesa
Subdivisión general Crítica e interprestación
9 (RLIN) 4885
710 1# - PUNTO DE ACCESO ADICIONAL--NOMBRE DE ENTIDAD CORPORATIVA
Nombre de entidad corporativa o nombre de jurisdicción como elemento de entrada Japan.
Unidad subordinada Mombusho.
-- Nihon Yunesuko Konunai Iinkai
9 (RLIN) 4886
700 1# - PUNTO DE ACCESO ADICIONAL--NOMBRE DE PERSONA
Nombre de persona Matsuda, Fukumatsu,
Término indicativo de función/relación tr.
9 (RLIN) 4887
700 1# - PUNTO DE ACCESO ADICIONAL--NOMBRE DE PERSONA
Nombre de persona Comisión Nacional Japonesa para la Unesco,
9 (RLIN) 4888
Holdings
Estado de retiro Estado de pérdida Restricciones de uso No para préstamo Código de colección Localización permanente Ubicación/localización actual Ubicación en estantería Fecha de adquisición Número de inventario Total de préstamos Signatura topográfica completa Código de barras Fecha visto por última vez Precio válido a partir de Tipo de ítem Koha Número de copia
      Excluido de préstamo Monografías: Libros y Folletos General General Depósito 14.09.2009 LF1   895.6 T882b 1478-10 25.06.2020 25.06.2020 No se presta  
  Extraviado   Excluido de préstamo Monografías: Libros y Folletos General General Extraviado 20.04.2017 LF1   895.6 T882b 1478-20 25.06.2020 25.06.2020 No se presta e. 2

Powered by Koha